| 000 | 00371nam a2200133Ia 4500 | ||
|---|---|---|---|
| 008 | 150202s9999 xx 000 0 und d | ||
| 020 | _a786814934 | ||
| 050 |
_aFIC _bFIC |
||
| 100 | _aColfer, Eoin. | ||
| 245 |
_aArtemis fowl: _b the eternity code / _cEoin Colfer. |
||
| 260 |
_aNew York : _bMiramax Books, _c2003. |
||
| 300 |
_a309 pages : _c18 cm. |
||
| 650 | _aFiction. | ||
| 999 |
_c281935 _d281935 |
||